Απόψεις εκπαιδευτικών πρωτοβάθμιας και δευτεροβάθμιας εκπαίδευσης για τη διαδικασία επιλογής διευθυντών σχολικών μονάδων, με έμφαση στην αξιοποίηση αξιολογικών εργαλείων κατά τη διασικασία : διπλωματική εργασία [μεταπτυχιακή εργασία]

Αποθηκεύτηκε σε:
Λεπτομέρειες βιβλιογραφικής εγγραφής
Κύριος συγγραφέας: Αποστόλου, Ζωή
Συγγραφή απο Οργανισμό/Αρχή: Πανεπιστήμιο Αιγαίου Σχολή Ανθρωπιστικών Επιστημών Τμήμα Επιστημών της Προσχολικής Αγωγής και του Εκπαιδευτικού Σχεδιασμού Πρόγραμμα Μεταπτυχιακών Σπουδών Μοντέλα Σχεδιασμού και Ανάπτυξης Εκπαιδευτικών Μονάδων
Μορφή: Thesis Βιβλίο
Γλώσσα:Greek
Δημοσίευση: 2017.
Θέματα:
Διαθέσιμο Online:http://hdl.handle.net/11610/18808
Ετικέτες: Προσθήκη ετικέτας
Δεν υπάρχουν, Καταχωρήστε ετικέτα πρώτοι!

MARC

LEADER 00000cam a2200000 a 4500
001 1/114986
008 170921s2017####gr | ||| |||| ||gre||
040 |a GR-MyUa  |b gre  |c GR-MyUa  |e AACR2 
041 0 |a gre 
082 7 |a 371.2   |2 (23) 
100 1 |a Αποστόλου, Ζωή. 
245 1 0 |a Απόψεις εκπαιδευτικών πρωτοβάθμιας και δευτεροβάθμιας εκπαίδευσης για τη διαδικασία επιλογής διευθυντών σχολικών μονάδων, με έμφαση στην αξιοποίηση αξιολογικών εργαλείων κατά τη διασικασία :   |b διπλωματική εργασία [μεταπτυχιακή εργασία] /   |c Αποστόλου Ζωή ; επιβλέπων καθηγητής: Ανδρεαδάκης Νικόλαος.  
260 |c 2017.  
300 |a 174 σ. :   |b πίν. ;   |c 30 εκ.  
500 |a Υπάρχει ψηφιακό αντίγραφο.  
500 |a Μέλη εξεταστικής επιτροπής: Κοντάκος Αναστάσιος, Σταμάτης Παναγιώτης.  
502 # # |a Διατριβή (μεταπτυχιακή) – Πανεπιστήμιο Αιγαίου, Ρόδος, 2017. 
504 |a Βιβλιογραφία: σ. 164-174.  
506 1 |a Πλήρες κείμενο - Ενδοπανεπιστημιακή δημοσίευση - Να δημοσιοποιηθεί μετά τις 01-01-2018.  
650 0 |a School administrators. 
650 0 |a School principals. 
650 0 |a Educational leadership. 
650 0 |a Education, Primary. 
650 0 |a Teachers  |x Attitudes. 
700 1 |a Ανδρεαδάκης, Νίκος Σ.  |e dgs 
710 2 |a Πανεπιστήμιο Αιγαίου   |b Σχολή Ανθρωπιστικών Επιστημών   |b Τμήμα Επιστημών της Προσχολικής Αγωγής και του Εκπαιδευτικού Σχεδιασμού   |b Πρόγραμμα Μεταπτυχιακών Σπουδών Μοντέλα Σχεδιασμού και Ανάπτυξης Εκπαιδευτικών Μονάδων . 
852 |a INST  |b RHODES  |c DIATR  |e 20170921  |h 371.2 ΑΠΟ  |p 005400039524  |q 005400039524  |t MTXE  |y 23 
856 |u http://hdl.handle.net/11610/18808 
924 |a Αποστόλου   |b Ζωή   |y Ρόδος  |z 2017-06  
970 |z 21-09-2017